| 000 | 00698nam a2200217Ia 4500 | ||
|---|---|---|---|
| 003 | IIN | ||
| 005 | 20250521131039.0 | ||
| 008 | 231217s2019 xx ad 000 0 eng d | ||
| 020 |
_cRs.295.00 _a9788194075622 |
||
| 040 |
_aIIN _bEnglish |
||
| 082 |
_a362.10425 _bSAH |
||
| 100 | 1 | _aSaha, Tushar Kanti | |
| 245 | 1 |
_aComprehensive Manual of Community Medicine Practical/ _cTushar Kanti Saha, Sharmistha Bhattacherjee and Abhijit Mukherjee |
|
| 260 |
_aNew Delhi _bTaurean _c2019 |
||
| 300 |
_a192 p. _bill. |
||
| 650 | 1 |
_aCommunity Health Nursing _vManual |
|
| 650 | 1 |
_aCommunity health services _vMedicine |
|
| 700 | 1 | _aBhattacherjee , Sharmistha | |
| 700 | 1 | _aMukherjee, Abhijit | |
| 942 | _cBOOK | ||
| 999 |
_c229 _d229 |
||